Wicked : As long as you’re mine lyrics - Statistics

General Stats
  • This quiz has been taken 156 times
  • The average score is 136 of 171
Answer Stats
Hint Answer % Correct
You
100%
I
99%
Your
99%
A
97%
As
97%
Long
97%
Mine
97%
You’re
95%
Me
92%
Moment
92%
To
92%
For
91%
Be
89%
And
88%
Too
88%
Hold
87%
I’m
87%
Just
87%
No
87%
This
87%
With
85%
Elphaba Kiss
84%
May
84%
Tight
84%
Tonight
84%
My
83%
Need
83%
See
83%
I’ve
81%
Every
80%
Some
80%
Spell
80%
Under
80%
Fallen
79%
Fiercely
79%
I’ll
79%
It
79%
Last
79%
Fiyero Maybe
79%
Want
77%
Lost
76%
Up
76%
We
76%
Eyes
75%
Help
75%
How
75%
Make
75%
The
75%
Through
75%
Believing
73%
Brainless
73%
Seeing
73%
Different
72%
Don’t
72%
It’s
72%
Somehow
72%
Know
71%
Wanting
71%
But
69%
Care
69%
Got
69%
Time
69%
Wildest
69%
Wise
69%
All
68%
Body
68%
Could
68%
Not
68%
Here
67%
Feeling
65%
If
65%
Pair
65%
That
64%
You’ve
64%
Beside
63%
Bright
63%
Shine
63%
Through
63%
Us
63%
Wake
63%
Fast
61%
Future
61%
Fell
60%
Lying
60%
Fiyero Say
60%
Though
60%
Over
59%
There’s
59%
Is
57%
Resistance
57%
Out
56%
Holding
53%
Turns
53%
Dreamings
51%
Borderline
49%
Crossed
49%
Foresee
47%
Moonlight
47%
Until
44%
Come
28%
Borrow
27%
No matching quizzes found
Score Distribution
Percent of People with Each Score
Percentile by Number Answered
Your Score History
You have not taken this quiz